| 000 | 01030nam a2200289 i 4500 | ||
|---|---|---|---|
| 001 | bg | ||
| 100 | 1 | _aFRANKLIN, Derek. | |
| 245 | 0 | 0 |
_aMacromedia Flash MX 2004 actionscript : _boficjalny podręcznik / _cDerek Franklin, Jobe Makar ; [tł. Piotr Cieślak, Marcin Samodulski]. |
| 246 |
_iTyt. oryg.: _aMacromedia Flash MX 2004 ActionScript : training from the source |
||
| 260 |
_aGliwice : _b"Helion", _c2004. |
||
| 300 |
_a724 s. : _bil. ; _c24 cm + _eCD ROM. |
||
| 500 | _aTyt. oryg.: "Macromedia Flash MX 2004 ActionScript : training from the source". | ||
| 504 | _aIndeks. | ||
| 650 | 9 | _aFlash MX | |
| 655 | _aPodręczniki | ||
| 700 | 1 | _aMAKAR, Jobe | |
| 700 | 1 |
_aCIEŚLAK, Piotr. _eTł. |
|
| 700 | 1 |
_aSAMODULSKI, Marcin. _eTł. |
|
| 020 | _a8373615334 | ||
| 040 | _cBPK | ||
| 041 | 1 |
_apol _heng |
|
| 080 | _a004.42:004.738.52:004.92](07) | ||
| 920 | _a83-7361-533-4 | ||
| 942 | _cKS | ||
| 008 | s pl f |000 0 pol | ||
| 999 |
_c45506 _d45506 |
||
| 856 |
_uhttp://koha.tu.koszalin.pl/cgi-bin/koha/opac-detail.pl?biblionumber=45506 _yKatalog online BPK |
||